Statistics for True Blue - boygenius (Lyrics)

Click here to take the quiz!

General Stats

  • This quiz has been taken 43 times
  • The average score is 226 of 246

Answer Stats

Answer% Correct
a
100%
and
100%
And
100%
be
100%
can't
100%
I
100%
know
100%
me
100%
so
100%
So
100%
to
100%
we
100%
You
100%
you
100%
Your
100%
your
100%
are
95%
blue
95%
Blue
95%
but
95%
But
95%
feel
95%
feels
95%
from
95%
good
95%
in
95%
In
95%
is
95%
it
95%
known
95%
my
95%
on
95%
said
95%
say
95%
the
95%
true
95%
well
95%
went
95%
We're
95%
were
95%
when
95%
When
95%
who
95%
Who
95%
you're
95%
'95
90%
alive
90%
around
90%
beach
90%
bitch
90%
born
90%
deadly
90%
don't
90%
find
90%
fuck
90%
happy
90%
heat
90%
hide
90%
I'm
90%
July
90%
love
90%
myself
90%
one
90%
out
90%
summer's
90%
surprised
90%
time
90%
tough
90%
wanted
90%
wasn't
90%
winter
90%
about
85%
am
85%
become
85%
blood
85%
called
85%
Chicago
85%
could
85%
eyes
85%
help
85%
like
85%
moved
85%
only
85%
remember
85%
spinnin'
85%
Sun
85%
That
85%
that
85%
tried
85%
Water
85%
way
85%
with
85%
already
80%
feelings
80%
for
80%
freezin'
80%
hurt
80%
leaky
80%
Now
80%
talk
80%
three
80%
times
80%
train
80%
anymore
75%
Because
75%
doesn't
75%
gettin'
75%
humidity
75%
keeping
75%
matter
75%
never
75%
not
75%
pissed
75%
score.
75%
won
75%
You've
75%
Breakin'
70%
done
70%
faucet
70%
fight?
70%
lip
70%
movin'
70%
sweat
70%
upper
70%
wrong
70%
except
65%

Score Distribution

Percentile by Number Answered

Percent of People with Each Score

Your Score History

You have not taken this quiz